The Chicago manual of style

保存先:
書誌詳細
フォーマット: 図書
言語:英語
出版事項: Chicago University of Chicago Press 1993
版:14a. ed
主題:
タグ: タグ追加
タグなし, このレコードへの初めてのタグを付けませんか!

MARC

LEADER 00000cam a2200000 a 4500
001 UCC5043
003 CL-VaPUC
008 180913e19930000us |||||||||||||||||eng|d
020 |a 0226103897 
082 0 4 |a 808.027973  |b CHI  |2 21 
245 1 4 |a The Chicago manual of style 
250 |a 14a. ed 
300 |a 921 p 
942 |c BK 
945 |d 20180913 22:58:00  |a dcastane 
260 |a Chicago  |b University of Chicago Press  |c 1993 
650 0 |a Retórica   |9 266620 
650 0 |a Redacción de textos  |9 446760 
650 0 |a Producción de textos  |9 554451 
650 0 |a Comunicación escrita  |9 345084 
583 |a last modification  |c 20180913 22:58:00  |k Rodrigo Vera 
999 |c 372383  |d 372381 
952 |0 0  |1 0  |3 erd  |4 0  |6 808_027973000000000_CHI_1993  |7 0  |8 A  |9 490019  |a BIBHIS  |b BIBHIS  |i 5501458  |o 808.027973 CHI 1993  |p 5501458  |r 2025-01-20  |w 2019-11-24  |y BK  |z Catalogado en:20180913  |k HIS